Kým nás smrť nerozdelí

Pochmúrne ladená, nervy drásajúca konšpirácia o prepojení mafie, podnikateľov a vysokej politiky, plná napätia, sexu, moci, násilia a neočakávaných odhalení. Dokáže jediný muž pomstiť nespravodlivosť?

Bibliographic Details
Main Author: Jurík, Martin, 1973- (Author)
Other Authors: Šabek, Igor (Narrator)
Format: CD Audio
Language:Slovak
PhysicalDescription:1 elektronický optický disk (CD-ROM) digitál., mono., MP3 12 cm
Published: Levoča SKN 2013
ISBN:9788018013915 (CDROM)
Subjects:

MARC

LEADER 00000cim a2200000 a 4500
001 vtls010495434
003 SK-MaSNL
005 20260301214520.0
007 sd fmngnnmmned
008 160430s2013 xo nnnnfs f n slo
015 |a SNBJ2014 
020 |a 9788018013915 (CDROM) 
040 |a SNK  |b slo  |c SNK  |e AACR2 
041 0 |a slo 
044 |a xo  |c SK 
072 7 |a 821.162.4-3  |x Slovenská próza  |2 konspekt 
080 |a 821.162.4-31  |2 2001 
080 |a (0:82-312.4)  |2 2001 
080 |a (086.76)  |2 2001 
100 1 |a Jurík, Martin,  |d 1973-  |4 aut  |9 250467 
245 1 0 |a Kým nás smrť nerozdelí  |h elektronický zdroj  |c Martin Jurík ; číta: Igor Šabek 
260 |a Levoča  |b SKN  |c 2013 
300 |a 1 elektronický optický disk (CD-ROM)  |b digitál., mono., MP3  |c 12 cm 
306 |a 220000 
520 8 |a Pochmúrne ladená, nervy drásajúca konšpirácia o prepojení mafie, podnikateľov a vysokej politiky, plná napätia, sexu, moci, násilia a neočakávaných odhalení. Dokáže jediný muž pomstiť nespravodlivosť? 
521 |a Pre nevidiacich a slabozrakých 
655 7 |a zvukové záznamy  |2 SNKPH  |9 70720 
655 7 |a slovenské romány  |2 SNKPH  |9 70324 
655 7 |a detektívne romány  |2 SNKPH  |9 70455 
655 7 |a CD-ROM  |2 SNKPH  |9 70236 
700 1 |a Šabek, Igor  |4 nrt  |9 312613 
710 2 |a Slovenská knižnica pre nevidiacich Mateja Hrebendu v Levoči  |4 pbl  |9 249391 
919 |a 978-80-18-01391-5 
958 |a SX 
958 |a LX 
999 |c 925016  |d 926946 
952 |a SNK  |b SNK  |y PREZ  |7 0  |p 17A1081823  |o snkSCD 2821  |i snk2013/20650  |8 0  |0 0  |1 0  |4 0  |d 2013-09-09  |l 0  |r 2026-02-24 08:29:25  |w 2026-02-24